00945nam a22002417a 450000500170000001000150001702000260003202000230005803500130008103700130009408200190010710000510012624501810017726000450035827000630040330000440046650000410051065000280055165000460057965000440062570000170066970000170068620130501114152.0 aENG-106933 a9780198090311c995.00 a0198090315c995.00 aEN-90466 bDBAD/PUB04a368.4009542231 aKannan, K. P.q(Kappadath Parameswara),d1949-14aThe long road to social security :bassessing the implementation of national social security initiatives for the working poor in India /cedited by K.P. Kannan [and] Jan Breman aNew DelhibOxford University Pressc2013 aYMCA Library Building, 1 Jai Singh RoadbNew Delhie110001 axxiii, 542 p. :bill., maps ;c23cm(Hb) aIncludes bibliographical references. 0aSocial securityzIndia. 0aWorking poorzIndiaxEconomic conditions. 0aWorking poorzIndiazSocial conditions.1 aKannan, K.P.1 aBreman, Jan.